15 Least Catholic U.S. States - Statistics

General Stats
  • This quiz has been taken 22 times
  • The average score is 12 of 15
Answer Stats
% State % Correct
5.0 Utah
95%
7.0 Alabama
89%
4.0 Mississippi
89%
14.0 Wyoming
89%
8.0 Arkansas
84%
10.0 Idaho
84%
9.0 North Carolina
84%
6.0 Tennessee
84%
9.0 Georgia
79%
10.0 Kentucky
79%
10.0 South Carolina
79%
12.0 Virginia
74%
6.0 West Virginia
74%
8.0 Oklahoma
68%
12.0 Oregon
63%
No matching quizzes found
Score Distribution
Percent of People with Each Score
Percentile by Number Answered
Your Score History
You have not taken this quiz